| 000 | 00000nam##2200000za#4500 |
| 001 | 9.662674 |
| 003 | CaOODSP |
| 005 | 20210615120700 |
| 007 | ta |
| 008 | 150407|2001||||xxc||||| f|0| 0 fre|d |
| 020 | |a0-662-65645-8 |
| 040 | |aCaOODSP|bfre |
| 041 | |aeng |
| 041 | |afre |
| 043 | |an-cn--- |
| 086 | 1 |aF2-140/1-2001 |
| 110 | 1 |aCanada. |bMinistère des finances. |
| 245 | 10|aAvis de motion de voies et moyens visant à modifier la Loi sur la taxe d'accise / |cPar le ministre des Finances. |
| 260 | |aOttawa - Ontario : |bFinances Canada. |c2001. |
| 300 | |a47p. ; |c28 cm. |
| 546 | |aBilingue |
| 563 | |aCouverture souple |
| 590 | |a01-10|b2001-03-09 |
| 691 | 07|aDouanes|2gcpds |
| 776 | 0#|tAvis de motion de voies et moyens visant à modifier la Loi sur la taxe d'accise |w(CaOODSP)9.640629 |
| 776 | 0#|tNotice of ways and means motion to amend the Excise Tax Act |w(CaOODSP)9.696517 |
| 791 | |tNotice of ways and means motion to amend the Excise Tax Act / |eeng|w(CaOODSP)9.662673 |